Foto-topografía práctica / por ... Alejandro Más y Zaldúa
Descripción Física:
93 p. : il. ; 28 cm
Materias:
Fotografia topogràfica
MARC
| LEADER | 00000nam a2200000Ia 4500 | ||
|---|---|---|---|
| 001 | 12365 | ||
| 008 | 160829s1902 xx 000 0 cat d | ||
| 080 | |a C-2-166 | ||
| 100 | |a Mas Zaldúa, Alejandro |9 25063 | ||
| 245 | |a Foto-topografía práctica / por ... Alejandro Más y Zaldúa | ||
| 260 | |a Barcelona : |b (Tip. de Luis Tasso), |c 1902 | ||
| 300 | |a 93 p. : |b il. ; |c 28 cm | ||
| 650 | |a Fotografia topogràfica |9 33769 | ||
| 901 | |a Arxiu | ||
| 942 | |n 1 | ||
| 952 | |0 0 |1 0 |4 0 |6 C2166 |7 1 |9 43431 |a Arxiu |b Arxiu |d 2016-12-01 |l 0 |o C-2-166 |p 12365 |r 2016-12-01 00:00:00 |w 2016-12-01 |y ARXIU | ||
| 999 | |c 45977 |d 45977 | ||